| 000 | 00722aas a2200217 4500 | ||
|---|---|---|---|
| 999 |
_c3977 _d3977 |
||
| 003 | BR-BrBNA | ||
| 005 | 20230317233943.0 | ||
| 007 | ta | ||
| 008 | 230119b bl ||||| |||| 00| 0 por d | ||
| 035 | _a000485-5 | ||
| 040 |
_aBR-BrBNA _bPor _cBR-BrBNA |
||
| 042 | _a013878-9 | ||
| 044 | _abl | ||
| 245 | _aBoletim Técnico - Secretaria da Agricultura. Depto. da Produção Animal (Brazil) | ||
| 260 |
_aPorto Alegre-RS _bSecretaria da Agricultura - Departamento da Produção Animal _c1966. Data final de publicação em 1970 _eBRS |
||
| 270 | _aRua Gonçalves Dias, 570 - 90000-000 | ||
| 310 | _airregular | ||
| 505 | _a1966 (3-5); 1967 (6,7fe,8-9,10fe,11-12); 1968-70 (13-18); | ||
| 909 |
_a56 _bSergio Santos _c56 _dSergio Santos |
||
| 942 |
_cCR _2AGRIS |
||